| 000 | 00347nam a2200133Ia 4500 | ||
|---|---|---|---|
| 008 | 240624s9999 xx 000 0 und d | ||
| 041 | _aeng | ||
| 082 | _a343.052 RBI | ||
| 100 | _aTAXMANN | ||
| 245 | _aFOREIGN EXCHANGE LAWS READY RECKONER I | ||
| 260 |
_c2010 _aNew Delhi _bTaxmann Publications Pvt. Ltd. |
||
| 300 | _a364 : p. | ||
| 365 |
_cRS _b29 |
||
| 999 |
_c18326 _d18326 |
||